000 01207nam a2200325 c 4500
003 BLK
005 20241018143537.0
008 180408b bul|||||r ||||||| ||bul||
010 _aKNG00054914000
020 _a84-9819-031-2
_bиздат.: Mediasat Group, S. A. - (на цялата колекция)
040 _aBLK
041 _aBUL
_cBUL
080 _aАмериканска литература (на САЩ)
_b821.111(73)
_x-31
_z821.111(73)-31
100 1 _aБъроуз, Уилям
_eпърви автор
_9243617
700 1 _aКиров, Иван
_eпрев.
_9363684
139 _aБъроуз, Уилям
_bБ 93
245 1 0 _aГолият обяд
_cУилям Бъроуз; прев. Иван Киров.
257 _aUSA
260 София
_bMediasat Group, S. A.
_c2005
_fотпеч. в Германия
300 _a252 с.
_c21 см
380 _aX
490 1 _aЗлатна колекция ХХ век
_v17
500 _aОриг. загл. The Naked Lunch. - Офс. изд.
852 _aЦб 224461
856 4 _qpdf
_u
856 4 _qpdf
_u
942 _cKNG
_n0
_010
944 _aCR
_c22.08.2005
_k30531
_lЦветелина Шанова
944 _aED
_c06.02.2014
_k
999 _c51016
_d51016